| 000 | 00686nam a22001337a 4500 | ||
|---|---|---|---|
| 040 | _cRUA | ||
| 082 | _aAGR HOE 2013 BO55 Or.1 | ||
| 100 | _aHOEUN, DARANN | ||
| 245 | _aRice production techniques under flooded condition at royal university of agriculture បច្ចេកទេសផលិតកម្មដំណាំស្រូវក្រោមលក្ខខណ្ឌស្រែពន្លិចទឹក នៅសាកលវិទ្យាល័យភូមិន្ធកសិកម្ម. | ||
| 260 |
_aphnom phen _bRUA _c2013 |
||
| 300 |
_aX,56p. _bill. _c29cm. |
||
| 856 | _uhttps://drive.google.com/file/d/1VPbOFENu8mXQQS57f5jZhIhb2YxlKL09/view?usp=sharing | ||
| 942 | _cAGR | ||
| 999 |
_c1258 _d1258 |
||